[Event "TCh-BEL 2003-4"]
[Site "Belgium BEL"]
[Date "2003.12.14"]
[Round "1"]
[White "Koch,T"]
[Black "Saiboulatov,D"]
[Result "1/2-1/2"]
[WhiteElo "2416"]
[BlackElo "2375"]

1.d4 Nf6 2.c4 e6 3.Nf3 Bb4+ 4.Bd2 c5 5.Bxb4 cxb4 6.g3 O-O 7.Bg2 d6 8.O-O a5
9.Nbd2 b6 10.Qc2 Bb7 11.e4 Nc6 12.e5 dxe5 13.dxe5 Nd7 14.Rfe1 Nc5 15.Re3 Qe7
16.Nb3  1/2-1/2

[Event "4th NAO IM"]
[Site "Paris FRA"]
[Date "2003.12.15"]
[Round "1"]
[White "Goldsztejn,G"]
[Black "Marechal,A"]
[Result "1/2-1/2"]
[WhiteElo "2245"]
[BlackElo "2295"]

1.d4 Nf6 2.c4 e6 3.Nf3 Bb4+ 4.Bd2 a5 5.Qc2 d6 6.Nc3 Qe7 7.a3 Bxc3 8.Bxc3 Nbd7
9.g3 b6 10.Bg2 Bb7 11.d5 O-O 12.Nd4 Ne5 13.Nc6 Nxc6 14.dxc6 Ba6 15.O-O e5
16.f4 Rfe8 17.b3 a4 18.b4 Bxc4 19.fxe5 dxe5 20.Rf5 Bb3 21.Qd2 Ng4 22.Qg5 Qxg5
23.Rxg5 Ne3 24.Bxe5 g6 25.Bxc7 f6 26.Rb5 Nxg2 27.Kxg2 Rac8 28.Bxb6 Rxc6 29.Bc5 Rxe2+
30.Kf3 Rce6 31.Rb8+ Kf7 32.Rf8+ Kg7 33.Rd8 g5 34.h4 h5 35.hxg5 fxg5 36.Bd4+ Kf7
37.Rc1 Bc2 38.Rc8 g4+ 39.Kf4 Kg6 40.Rg8+ Kf7 41.Rg7+ Ke8 42.Kg5 Rd6 43.Bf6 Rd5+
44.Kh6 Rd6 45.Rf1 Ree6 46.Kg5 Rd5+ 47.Kh4 Rf5 48.Rxf5 Bxf5 49.Bd4 Rd6 50.Bc5 Rd5
51.Kxh5 Bd7+ 52.Kh4 Rd3 53.Rg8+ Kf7 54.Rd8 Kg6 55.Rg8+ Kf7 56.Rf8+ Kg6 57.Rg8+  1/2-1/2

[Event "Christmas Open"]
[Site "Zadar CRO"]
[Date "2003.12.18"]
[Round "6"]
[White "Gagarin,V"]
[Black "Zelcic,R"]
[Result "0-1"]
[WhiteElo "2439"]
[BlackElo "2552"]

1.d4 Nf6 2.c4 e6 3.Nf3 Bb4+ 4.Bd2 a5 5.g3 d5 6.Qc2 c5 7.cxd5 cxd4 8.Bg2 O-O
9.Nxd4 Qb6 10.e3 exd5 11.O-O Nc6 12.Nxc6 bxc6 13.Nc3 Be6 14.Rfc1 Qa7 15.Na4 c5
16.Bc3 Bxc3 17.Nxc3 Rab8 18.Rd1 d4 19.exd4 cxd4 20.Ne4 Nxe4 21.Bxe4 h6 22.Rd2 Rb4
23.Bf5 Rc8 24.Qd3 Bxf5 25.Qxf5 Rbc4 26.Rad1 Rd8 27.Qe4 Qc5 28.b3 Rc1 29.Kg2 Rxd1
30.Rxd1 g6 31.Rd3 Kg7 32.h4 h5 33.Kg1 Rd7 34.Kg2 f6 35.g4 hxg4 36.Qxg4 Qd5+
37.Kh2 f5 38.Qg5 Qe4 39.Rg3 f4 40.Rg4 d3 41.Qb5 Qe6 42.Rg1 d2 43.Rd1 Qg4
44.Qc6 f3  0-1

[Event "Christmas Open"]
[Site "Zadar CRO"]
[Date "2003.12.20"]
[Round "8"]
[White "Markus,R"]
[Black "Zelcic,R"]
[Result "1/2-1/2"]
[WhiteElo "2522"]
[BlackElo "2552"]

1.d4 Nf6 2.c4 e6 3.Nf3 Bb4+ 4.Bd2 a5 5.g3 d6 6.Bg2 Nbd7 7.O-O e5 8.Qc2 O-O
9.Nc3 Re8 10.e4 exd4 11.Nxd4 Ne5 12.b3 Bc5 13.Nce2 Bg4 14.h3 Bh5 15.g4 Bg6
16.Bc3 h5 17.gxh5 Bxh5 18.Ng3 Bxd4 19.Bxd4 Nf3+ 20.Bxf3 Bxf3 21.Rfe1 Nxe4
22.Qd3 Qh4 23.Qxf3 Nd2 24.Qxb7 Qxd4 25.Kg2 a4 26.Qc6 Kf8 27.Rad1 axb3 28.axb3 Qc3
29.Rxe8+ Rxe8 30.Qd5 Nxb3 31.Rd3 Qc2 32.Rf3 f6 33.Nf5 Nd2 34.Rf4 Re4 35.Qa8+ Re8
36.Qd5 Re5 37.Qa8+ Kf7 38.Qc8 Rxf5 39.Qd7+ Kf8 40.Qd8+ Kf7 41.Qd7+ Kf8 42.Qd8+ Kf7
43.Qd7+  1/2-1/2

[Event "Christmas Open"]
[Site "Zadar CRO"]
[Date "2003.12.21"]
[Round "9"]
[White "Jovanic,O"]
[Black "Jankovic,A"]
[Result "0-1"]
[WhiteElo "2424"]
[BlackElo "2383"]

1.d4 Nf6 2.c4 e6 3.Nf3 Bb4+ 4.Bd2 c5 5.Bxb4 cxb4 6.Qd3 d6 7.Nbd2 O-O 8.e4 Nc6
9.Be2 Re8 10.O-O e5 11.d5 Nb8 12.a3 Na6 13.axb4 Nxb4 14.Qc3 Qb6 15.Rfc1 Nd7
16.Ne1 Nc5 17.Nc2 Nxc2 18.Rxc2 a5 19.b3 Qc7 20.Qe3 Rb8 21.Nf1 b6 22.Ng3 Qe7
23.Rb2 Na6 24.Rf1 g6 25.Rbb1 Bd7 26.Ra1 Qf6 27.Qc3 Qh4 28.Rad1 Nc5 29.Bd3 b5
30.Qxa5 Nxb3 31.Qa7 Qe7 32.cxb5 Nc5 33.b6 Nxd3 34.Rxd3 Bb5 35.Rc3 Rb7 36.Qa5 Bxf1
37.Nxf1 Reb8 38.Rc6 Qd8 39.g3 Rxb6 40.Qc3 Qd7 41.Kg2 Qg4 42.Qd3 Rb4 43.Nd2 Qd1
44.Qe3 Rb2 45.Nc4 R2b3 46.Qa7 Qf3+ 47.Kh3 Qxe4 48.Nxd6 Qxd5 49.Qd7 Rf8 50.Rc8 Rb8
51.Rc6 Rbd8 52.Qc7 Qf3 53.Rc2 Rxd6  0-1

[Event "Open"]
[Site "Pamplona ESP"]
[Date "2003.12.23"]
[Round "4"]
[White "Borovikov,V"]
[Black "Vehi Bach,V"]
[Result "1-0"]
[WhiteElo "2571"]
[BlackElo "2405"]

1.d4 Nf6 2.Nf3 e6 3.c4 Bb4+ 4.Bd2 Bxd2+ 5.Qxd2 O-O 6.g3 d5 7.Bg2 Nbd7 8.O-O c6
9.Qc2 b6 10.Nbd2 Bb7 11.e4 dxe4 12.Nxe4 c5 13.Nxf6+ Nxf6 14.dxc5 bxc5 15.Ne5 Bxg2
16.Kxg2 Qc7 17.Qe2 Rfd8 18.Rad1 h6 19.b3 a5 20.Rd3 Rxd3 21.Nxd3 Rd8 22.Rd1 Rd4
23.Ne1 Qc6+ 24.Nf3 e5 25.Kg1 Rxd1+ 26.Qxd1 Nd7 27.Qd5 Qxd5 28.cxd5 Kf8 29.Nd2 Nb6
30.Nc4 Nxd5 31.Nxa5 Nc3 32.a4 Ke7 33.Kf1 Kd6 34.Ke1 Kd5 35.Nc4 f6 36.Kd2 Na2
37.Ne3+ Ke4 38.Nc2 Kd5 39.Ne3+ Ke4 40.a5 Nb4 41.Nc2 Na6 42.Kc3 Kd5 43.Ne3+ Kc6
44.Nf5 Kb5 45.Nxg7 Nb4 46.Nf5 Nd5+ 47.Kd3 Nb4+ 48.Kd2 Kxa5 49.Nxh6 Nd5 50.Nf5 Kb4
51.Kc2 Nc7 52.Ne3  1-0

[Event "Open"]
[Site "Pamplona ESP"]
[Date "2003.12.25"]
[Round "6"]
[White "Cifuentes Parada,R"]
[Black "Vehi Bach,V"]
[Result "1-0"]
[WhiteElo "2501"]
[BlackElo "2405"]

1.d4 Nf6 2.c4 e6 3.Nf3 Bb4+ 4.Bd2 a5 5.g3 d5 6.Qc2 Nc6 7.Bg2 dxc4 8.Qxc4 Qd5
9.Qd3 Qe4 10.Qxe4 Nxe4 11.Bxb4 Nxb4 12.Na3 Nd6 13.O-O Ke7 14.Rfc1 c6 15.Nb1 f6
16.Nbd2 Rd8 17.a3 Na6 18.e3 Bd7 19.Bf1 Be8 20.Bd3 Bg6 21.Bxg6 hxg6 22.h4 Rac8
23.Nb3 a4 24.Nc5 Nxc5 25.dxc5 Ne4 26.Rc4 Nd2 27.Nxd2 Rxd2 28.Rxa4 Rxb2 29.Rb4 Rxb4
30.axb4 Kd7 31.Kg2 Kc7 32.g4 Rd8 33.Kg3 Rd2 34.Ra8 Rd8 35.Ra1 Kb8 36.Rh1 Ka7
37.Ra1+ Kb8 38.Kf3 Rd2 39.h5 gxh5 40.gxh5 Rd5 41.Rg1 Rf5+ 42.Ke2 Rxh5 43.Rxg7 Rh4
44.f4 e5 45.Kf3 exf4 46.exf4 Rh3+ 47.Rg3 Rh1 48.Rg6 Rb1 49.Rxf6 Rxb4 50.Re6 Rc4
51.Re5 Ka7 52.f5 Rc1 53.Kg4 Rg1+ 54.Kh5 Rh1+ 55.Kg6 Rg1+ 56.Kf7 b6 57.f6 bxc5
58.Ke6 Rg6 59.Rxc5 Kb6 60.Rf5 c5 61.Ke7 Kb5 62.f7 Rg7 63.Kd6  1-0

[Event "12th Donau Open"]
[Site "Aschach GER"]
[Date "2003.12.26"]
[Round "1"]
[White "Mayer,Mart"]
[Black "Ragger,M"]
[Result "0-1"]
[WhiteElo "2092"]
[BlackElo "2334"]

1.d4 Nf6 2.Nf3 e6 3.c4 Bb4+ 4.Bd2 Qe7 5.a3 Bxd2+ 6.Nbxd2 d6 7.g3 O-O 8.Bg2 e5
9.dxe5 dxe5 10.e3 Nc6 11.O-O Bf5 12.Qb3 Rab8 13.Nh4 Be6 14.Ne4 Na5 15.Qb4 Qxb4
16.Nxf6+ gxf6 17.axb4 Nxc4 18.Rxa7 c6 19.b5 cxb5 20.b4 e4 21.Rd1 f5 22.Bh3 Rfd8
23.Raa1 Nd6 24.Rd4 Kf8 25.Rc1 Ke7 26.Bf1 Nc4 27.Rcd1 Rxd4 28.exd4 Rd8 29.Ng2 Ne5
30.Bxb5 Nf3+ 31.Kh1 Nxd4 32.Bf1 Nc6 33.Rxd8 Kxd8 34.b5 Nd4 35.Ne3 Kc7 36.Nd1 Kb6
37.Nc3 Kc5 38.g4 Bc4 39.Bg2 Kb4 40.Nd1 Bb3 41.Ne3 f4 42.Bxe4 fxe3 43.fxe3 Nc2
44.Bxb7 Nxe3  0-1

[Event "24th Open"]
[Site "Bethune FRA"]
[Date "2003.12.27"]
[Round "2"]
[White "Tupet,G"]
[Black "De Wachter,M"]
[Result "0-1"]
[WhiteElo "2048"]
[BlackElo "2266"]

1.d4 Nf6 2.Nf3 e6 3.c4 Bb4+ 4.Bd2 Qe7 5.a3 Bxd2+ 6.Qxd2 b6 7.g3 Bb7 8.Bg2 d6
9.Nc3 Nbd7 10.O-O O-O 11.Qc2 c5 12.Rad1 Rac8 13.b3 d5 14.cxd5 exd5 15.Qb2 c4
16.Rfe1 Ne4 17.Rc1 Ba8 18.e3 Nxc3 19.Rxc3 b5 20.bxc4 bxc4 21.Rb1 Rb8 22.Qc1 Rxb1
23.Qxb1 Rb8 24.Qc1 Nb6 25.Qd1 Bc6 26.Nd2 Bd7 27.Nb1 Bf5 28.a4 Nxa4 29.Rc1 Qb4
30.Nd2 c3 31.Nf3 c2 32.Qe2 Qb2 33.Rf1 c1=Q  0-1

[Event "Open"]
[Site "Interlaken SUI"]
[Date "2003.12.27"]
[Round "2"]
[White "Ikonnikov,Vy"]
[Black "Chernov,Va"]
[Result "1-0"]
[WhiteElo "2546"]
[BlackElo "2421"]

1.d4 Nf6 2.Nf3 e6 3.c4 Bb4+ 4.Bd2 Qe7 5.g3 Nc6 6.Bg2 Bxd2+ 7.Nbxd2 d6 8.O-O a5
9.b3 e5 10.d5 Nb8 11.Ne1 Na6 12.a3 O-O 13.b4 Bd7 14.Rb1 axb4 15.axb4 Ra7
16.e4 c5 17.dxc6 bxc6 18.Nd3 Nc7 19.Re1 Rfa8 20.Nb3 Be6 21.Na5 Qd7 22.f4 Bg4
23.Qc1 exf4 24.Qxf4 Ne6 25.Qf2 Bh5 26.h3 Bg6 27.Nf4 Ra6 28.Rbd1 Qc7 29.Nxe6 fxe6
30.e5 dxe5 31.Nxc6 Ra2 32.Rd2 Rxd2 33.Qxd2 e4 34.b5 Qxg3 35.b6 Qb3 36.Qe3 Qxc4
37.Rc1 Qb5 38.Bf1 Qb2 39.Ne7+ Kf7 40.Rc7 Ra2 41.Nxg6+ Kxg6 42.Qg3+ Kh5 43.b7 Qd4+
44.Kh1 Ra1 45.Qg1 Qxg1+ 46.Kxg1 Rb1 47.Rc5+  1-0

[Event "12th Donau Open"]
[Site "Aschach GER"]
[Date "2003.12.29"]
[Round "5"]
[White "Lautner,J"]
[Black "Orel,O"]
[Result "1/2-1/2"]
[WhiteElo "2197"]
[BlackElo "2367"]

1.d4 Nf6 2.c4 e6 3.Nf3 Bb4+ 4.Bd2 a5 5.g3 Ne4 6.Bg2 f5 7.O-O O-O 8.Bf4 Be7
9.c5 d6 10.cxd6 cxd6 11.Nc3 Nxc3 12.bxc3 Nd7 13.Rb1 Nf6 14.c4 Ne4 15.Qc2 Ra6
16.Nd2 g5 17.Nxe4 gxf4 18.Nc3 fxg3 19.fxg3 Bg5 20.Qd3 Rb6 21.e3 e5 22.Bd5+ Kg7
23.Rxb6 Qxb6 24.Rb1 Qc7 25.dxe5 dxe5 26.Rb5 Rd8 27.Qe2 b6 28.Bg2 Be6 29.Nd5 Bxd5
30.Bxd5 Rd6 31.Kg2  1/2-1/2

[Event "Christmas Open"]
[Site "Zurich SUI"]
[Date "2003.12.29"]
[Round "5"]
[White "Kludacz,M"]
[Black "Landenbergue,C"]
[Result "0-1"]
[WhiteElo "2212"]
[BlackElo "2441"]

1.d4 Nf6 2.c4 e6 3.Nf3 Bb4+ 4.Bd2 a5 5.g3 d6 6.Bg2 Nbd7 7.Nc3 e5 8.O-O exd4
9.Nxd4 O-O 10.a3 Bc5 11.Bg5 h6 12.Bxf6 Nxf6 13.e3 Re8 14.h3 Qe7 15.Kh2 c6
16.b3 Bd7 17.Qd2 Qe5 18.Nde2 Rad8 19.Rfd1 h5 20.Na4 h4 21.Nxc5 dxc5 22.Qxa5 Ne4
23.Qe1 hxg3+ 24.Nxg3 Nxg3 25.fxg3 Bf5 26.e4 Bg6 27.Rxd8 Rxd8 28.Rd1 Rd4 29.Qc3 Bxe4
30.b4 Bxg2 31.bxc5 Qe2  0-1

[Event "33rd Rilton Cup"]
[Site "Stockholm SWE"]
[Date "2003.12.30"]
[Round "4"]
[White "Brynell,S"]
[Black "Hansen,TR"]
[Result "1/2-1/2"]
[WhiteElo "2462"]
[BlackElo "2335"]

1.d4 Nf6 2.c4 e6 3.Nf3 Bb4+ 4.Bd2 c5 5.Bxb4 cxb4 6.g3 b6 7.Bg2 Bb7 8.O-O O-O
9.Qd3 d6 10.Nbd2 a5 11.e4 e5 12.Nh4 Nc6 13.d5 Nd4 14.Bh3 Bc8 15.Bxc8 Rxc8
16.Nhf3 Nxf3+ 17.Qxf3 Nd7 18.a3 Nc5 19.axb4 axb4 20.Ra7 Ra8 21.Rfa1 Rxa7
22.Rxa7 Qb8 23.Ra1 Qb7 24.Nb3  1/2-1/2

[Event "10th Open"]
[Site "Bosnjaci CRO"]
[Date "2004.01.03"]
[Round "1"]
[White "Jovanic,O"]
[Black "Sulc,D"]
[Result "0-1"]
[WhiteElo "2432"]
[BlackElo "2287"]

1.d4 Nf6 2.Nf3 e6 3.c4 Bb4+ 4.Bd2 Qe7 5.g3 Nc6 6.Nc3 O-O 7.Bg2 Bxc3 8.Bxc3 Ne4
9.Rc1 d6 10.d5 Nxc3 11.Rxc3 Nd8 12.Nd2 e5 13.c5 f5 14.cxd6 cxd6 15.O-O Nf7
16.Qa4 Bd7 17.Qb3 b6 18.Rfc1 Rfc8 19.Qa3 Rxc3 20.Rxc3 Bb5 21.e3 g6 22.Qb3 Qd7
23.Qc2 Ba6 24.b4 Rc8 25.Rc6 Bb7 26.b5 Bxc6 27.bxc6 Qe7 28.e4 fxe4 29.h4 e3
30.fxe3 Rc7 31.Ne4 Kg7 32.Qe2 Qd8 33.Bh3 Qe7 34.Qf3 Nd8 35.Kg2 Nxc6 36.dxc6 Rxc6
37.Ng5 Rc2+ 38.Kg1 Rc1+ 39.Kh2 Rc2+ 40.Bg2 h6 41.Ne4 d5 42.Nf2 e4 43.Qf4 Qf6
44.Nh3 Qxf4 45.Nxf4 Rd2 46.Kg1 g5 47.hxg5 hxg5 48.Ne6+ Kf6 49.Nc7 Ke5 50.a4 Ra2
51.Nb5 Rxa4 52.Nd4 Rxd4 53.exd4+ Kxd4 54.Bf1 Ke3 55.Bb5 d4 56.Bc6 d3 57.Kf1 d2
58.Ba4 b5 59.Bc2 a5  0-1

[Event "TCh-BEL 2003-4"]
[Site "Belgium BEL"]
[Date "2004.01.11"]
[Round "6"]
[White "Goormachtigh,J"]
[Black "Friedrichs,K"]
[Result "1-0"]
[WhiteElo "2266"]
[BlackElo "2358"]

1.d4 Nf6 2.c4 e6 3.Nf3 Bb4+ 4.Bd2 Qe7 5.g3 Nc6 6.Nc3 Bxc3 7.Bxc3 Ne4 8.Rc1 O-O
9.Bg2 d6 10.d5 Nd8 11.dxe6 Nxe6 12.O-O Nxc3 13.Rxc3 a5 14.Nd4 Nxd4 15.Qxd4 Qe5
16.Rd1 Be6 17.Qxe5 dxe5 18.Bd5 Bf5 19.Re3 Rae8 20.Bxb7 Rb8 21.Rxe5 Be6 22.Bd5 Rxb2
23.Bxe6 fxe6 24.Rxe6 Rxa2 25.Re7 Rb8 26.Rdd7 a4 27.Rxg7+ Kf8 28.Rxh7 Rb1+
29.Kg2 Kg8 30.Rhe7 Kf8 31.h4 a3 32.h5 Rc2 33.Rh7  1-0

[Event "1st WinTV Open"]
[Site "Chennai IND"]
[Date "2004.01.21"]
[Round "1"]
[White "Pradeep,KR"]
[Black "Gokhale,J"]
[Result "0-1"]
[WhiteElo "1955"]
[BlackElo "2308"]

1.Nf3 Nf6 2.c4 e6 3.d4 Bb4+ 4.Bd2 Qe7 5.e3 O-O 6.Bxb4 Qxb4+ 7.Qd2 Qe7 8.Bd3 d6
9.O-O e5 10.Bc2 b6 11.Nc3 Bb7 12.d5 Nbd7 13.e4 a5 14.Ne2 Nh5 15.Qg5 Qxg5
16.Nxg5 Nc5 17.b3 Bc8 18.h3 f5 19.exf5 Bxf5 20.Bxf5 Rxf5 21.h4 h6 22.g4 Nf4
23.Ng3 Rff8 24.N3e4 Nxe4 25.Nxe4 Ng6 26.h5 Nh4 27.Nd2 Rf4 28.f3 Raf8 29.Rac1 Nxf3+
30.Nxf3 Rxf3 31.Rxf3 Rxf3 32.Kg2 Rf4 33.Kg3 Kf7 34.Rc2 Kf6 35.Kh3 Kg5 36.Rg2 Rf3+
37.Kh2 Kh4 38.Re2 Rh3+ 39.Kg2 Rg3+ 40.Kh2 Rxg4 41.Rf2 Rf4 42.Rg2 Rf7 43.a3 Kxh5
44.b4 axb4 45.axb4 g5  0-1

[Event "TCh-AUT 2003-4"]
[Site "Velden AUT"]
[Date "2004.01.23"]
[Round "5"]
[White "Weissenbeck,M"]
[Black "Grabher,H"]
[Result "1-0"]
[WhiteElo "2264"]
[BlackElo "2234"]

1.d4 Nf6 2.Nf3 e6 3.c4 Bb4+ 4.Bd2 Qe7 5.Qc2 d5 6.a3 Bxd2+ 7.Nbxd2 O-O 8.e3 c5
9.dxc5 Qxc5 10.b4 Qc7 11.Bd3 a5 12.b5 Nbd7 13.O-O b6 14.Rfc1 Bb7 15.cxd5 Qxc2
16.Rxc2 Nxd5 17.Ne4 Rac8 18.Rac1 Rxc2 19.Rxc2 f5 20.Nd6 Ba8 21.Bc4 Nc5 22.Rd2 Rd8
23.Bxd5 Bxd5 24.Nc4 Ne4 25.Rd4 Rc8 26.Nfe5 Nc3 27.Nxb6 Ne2+ 28.Kf1 Rc2 29.Rd3 Nc3
30.f3 Nxb5 31.e4 fxe4 32.fxe4 Rc1+ 33.Kf2 Rc2+ 34.Ke3 h6 35.exd5 exd5 36.Kf3 Ra2
37.a4 Nc7 38.h4 Kf8 39.Nc6 Kf7 40.Nxa5 Ke6 41.Nb3 g5 42.hxg5 hxg5 43.g3 Ke5
44.Nd7+ Kd6 45.Ndc5 Ke5 46.Kg4 Kf6 47.Rf3+  1-0

[Event "TCh-AUT 2003-4"]
[Site "Velden AUT"]
[Date "2004.01.23"]
[Round "5"]
[White "Loeffler,S"]
[Black "Zelcic,R"]
[Result "0-1"]
[WhiteElo "2413"]
[BlackElo "2524"]

1.Nf3 Nf6 2.c4 e6 3.d4 Bb4+ 4.Bd2 a5 5.e3 d6 6.Bd3 Qe7 7.Qc2 e5 8.Bf5 O-O
9.Nc3 exd4 10.Nxd4 Nc6 11.Nxc6 bxc6 12.Bxc8 Rfxc8 13.O-O Rcb8 14.Rad1 Bxc3
15.Bxc3 Ne4 16.Be1 Ng5 17.Rd3 Qe4 18.b3 c5 19.f3 Qe8 20.a4 Ne6 21.Bc3 Nd8
22.Rb1 Nc6 23.Qf2 f6 24.Rb2 Rb6 25.Rd1 Rab8 26.Rdb1 Qf7 27.Qd2 Nb4 28.e4 Re8
29.Re1 h6 30.Re3 Re6 31.Qe1 Rb8 32.g4 Qg6 33.h4 h5 34.Rg2 hxg4 35.Rxg4 Qh6
36.Qd2 Nc2 37.Rd3 Qxd2 38.Bxd2 Nd4 39.Bxa5 Rb7 40.Rg2 Nxb3 41.Bxc7 Nd4 42.Ba5 Rb1+
43.Kh2 Rf1 44.Kg3 f5 45.Bc3 f4+ 46.Kxf4 Rf6+ 47.Kg4 Rg6+ 48.Kh3 Rh1+ 49.Rh2 Ne2  0-1

[Event "1st WinTV Open"]
[Site "Chennai IND"]
[Date "2004.01.29"]
[Round "10"]
[White "Sidorova,E"]
[Black "Bartakke,A"]
[Result "1/2-1/2"]
[WhiteElo "2157"]
[BlackElo "2279"]

1.d4 Nf6 2.c4 e6 3.Nf3 Bb4+ 4.Bd2 Qe7 5.g3 O-O 6.Bg2 Bxd2+ 7.Nbxd2 d6 8.O-O Nbd7
9.Qc2 e5 10.e3 Re8 11.Rac1 c6 12.e4 a5 13.Rfe1 g6 14.h3 c5 15.d5 Nh5 16.Nf1 Rf8
17.Ne3 Ndf6 18.Nd2 Ne8 19.Ndf1 Kh8 20.Nd1 Neg7 21.Kh2 Bd7 22.Nc3 Rae8 23.Qd2 f5
24.exf5 gxf5 25.f4 Qf6 26.fxe5 dxe5 27.Qf2 b6 28.Rcd1 Qd6 29.Nb5 Qh6 30.Nc7 Rc8
31.d6 e4 32.Qe3 f4 33.Qxe4 f3 34.Bxf3 Nxg3 35.Kxg3 Rf4 36.Qxf4 Nf5+ 37.Qxf5 Bxf5
38.Bg4 Rf8 39.Re8 Rxe8 40.Nxe8 Qg6 41.Ne3 Bxg4 42.hxg4 Qxe8 43.Nf5 Qe5+ 44.Kf3 h5
45.Rd5 hxg4+ 46.Kxg4 Qe4+ 47.Kg5 Qxc4 48.Ne7 Kg7 49.d7 Qc1+ 50.Kf5 Qf1+ 51.Ke4 Qe2+
52.Kf5 Qf3+ 53.Kg5 Qg3+ 54.Kf5 Qf3+ 55.Kg5 Qg3+  1/2-1/2

[Event "9th HIT Open"]
[Site "Nova Gorica SLO"]
[Date "2004.01.30"]
[Round "1"]
[White "Gombac,Jan"]
[Black "Kveinys,A"]
[Result "0-1"]
[WhiteElo "2269"]
[BlackElo "2511"]

1.d4 Nf6 2.Nf3 e6 3.c4 Bb4+ 4.Bd2 a5 5.e3 d6 6.Nc3 Nbd7 7.Qc2 e5 8.b3 exd4
9.Nxd4 O-O 10.Be2 c6 11.O-O Re8 12.Rad1 Nc5 13.Bc1 a4 14.Bb2 Qe7 15.Bf3 Ra6
16.Nxa4 Nxa4 17.bxa4 Bc5 18.Nb3 Be6 19.a5 Nd7 20.Qc3 f6 21.Be2 Rea8 22.Kh1 Qf7
23.f4 Bf5 24.Bd3 Qg6 25.Bxf5 Qxf5 26.Qd3 Qxd3 27.Rxd3 Re8 28.Bc3 Re4 29.Nxc5 Nxc5
30.Rxd6 Rxc4 31.Bd4 Rxa5 32.Bxc5 Rcxc5 33.Rd8+ Kf7 34.Rd7+ Kg6 35.Rxb7 Rxa2
36.h3 Rcc2 37.f5+ Kh6 38.Rg1 Re2 39.Rb4 g6 40.fxg6 hxg6 41.Rc4 Rec2 42.Rf4 f5
43.Rd4 c5 44.Rd7 Re2 45.Rd3 Rac2 46.Rdd1 Rxe3 47.Rc1 Ree2 48.Rxc2 Rxc2 49.Ra1 Kg5
50.Ra6 f4 51.Rc6 Kf5 52.h4 c4 53.Rc5+ Ke4 54.Rg5 c3 55.Rxg6 Rd2 56.Rc6 c2
57.Kh2 f3  0-1

[Event "TCh-FRA Nat1 GpB"]
[Site "Clichy FRA"]
[Date "2004.01.31"]
[Round "2"]
[White "Lacrosse,M"]
[Black "Silva,Se"]
[Result "1/2-1/2"]
[WhiteElo "2235"]
[BlackElo "2352"]

1.d4 Nf6 2.c4 e6 3.Nf3 Bb4+ 4.Bd2 c5 5.Bxb4 cxb4 6.g3 O-O 7.Bg2 d6 8.O-O Nc6
9.Qd3 e5 10.Nbd2 Bg4 11.e4 Qb6 12.d5 Nb8 13.Nh4 Na6 14.h3 Bd7 15.Kh2 Nc5
16.Qe3 Rfe8 17.Rfe1 Qd8 18.a3 bxa3 19.b4 Na6 20.Reb1 Qb6 21.Rxa3 Qxe3 22.Rxe3 b6
23.Ra3 Nc7 24.Rba1 a6 25.f4 Rad8 26.fxe5 Rxe5 27.Nhf3 Rh5 28.Kg1 Bxh3 29.e5 dxe5
30.Bxh3 Rxh3 31.Nxe5 h6 32.Kg2 Rh5 33.Ndf3 Rd6 34.Rxa6 Nxa6 35.Rxa6 Nxd5
36.cxd5 Rxd5 37.Ra8+ Kh7 38.Nxf7 Rb5 39.g4 Rhd5 40.Nh4 g6 41.Ra7 Rxb4 42.Ne5+ Kg8
43.Nhxg6 Ra5 44.Rb7 Ra3 45.Ne7+ Kf8 46.N7g6+ Kg8 47.Ne7+ Kf8  1/2-1/2

[Event "9th HIT Open"]
[Site "Nova Gorica SLO"]
[Date "2004.01.31"]
[Round "2"]
[White "Szeberenyi,A"]
[Black "Gyimesi,Z"]
[Result "0-1"]
[WhiteElo "2450"]
[BlackElo "2553"]

1.d4 Nf6 2.c4 e6 3.Nf3 Bb4+ 4.Bd2 a5 5.Nc3 d5 6.cxd5 exd5 7.Bg5 h6 8.Bxf6 Qxf6
9.e3 c6 10.Qc2 O-O 11.Bd3 Be6 12.O-O Nd7 13.Rae1 Rfe8 14.Nd2 c5 15.Bb5 cxd4
16.exd4 Rec8 17.Nf3 Nb6 18.Ne5 Qf4 19.Rd1 Rc7 20.Rfe1 Nc8 21.Bd3 Nd6 22.Re3 Bxc3
23.bxc3 Bf5 24.Rf3 Bxd3 25.Rdxd3 Qe4 26.Rfe3 Qf5 27.Rg3 Rac8 28.Qc1 Ne4 29.Rgf3 Qg5
30.Qe1 f6 31.h4 Qh5  0-1

[Event "TCh-BEL 2003-4"]
[Site "Belgium BEL"]
[Date "2004.02.01"]
[Round "8"]
[White "Goossens,E"]
[Black "Koch,T"]
[Result "1/2-1/2"]
[WhiteElo "2242"]
[BlackElo "2391"]

1.d4 Nf6 2.Nf3 e6 3.c4 Bb4+ 4.Bd2 c5 5.Bxb4 cxb4 6.Nbd2 O-O 7.e3 d6 8.Bd3 b6
9.Qc2 Bb7 10.Ne4 Nxe4 11.Bxe4 Bxe4 12.Qxe4 Nd7 13.O-O Qc7 14.Rfc1 Rfc8 15.Qd3 a5
16.Rc2 h6 17.Rac1 Qb7 18.a3 bxa3 19.Qxa3 Qc6 20.h3 Qc7 21.b3 Rd8 22.Nd2 Qc6
23.Qa4 Rac8 24.Qxc6 Rxc6 25.Ne4 Kf8 26.Nc3 Nf6 27.Nb5 Ke7 28.Kf1 Rd7  1/2-1/2

[Event "TCh-FRA Nat1 GpB"]
[Site "Clichy FRA"]
[Date "2004.02.01"]
[Round "3"]
[White "Tregubov,P"]
[Black "Becker,Marc1"]
[Result "1-0"]
[WhiteElo "2628"]
[BlackElo "2391"]

1.d4 Nf6 2.c4 e6 3.Nf3 Bb4+ 4.Bd2 Qe7 5.g3 Nc6 6.Bg2 Bxd2+ 7.Nbxd2 d6 8.O-O a5
9.e4 e5 10.d5 Nb8 11.Ne1 h5 12.Ndf3 Bg4 13.Qb3 b6 14.Qe3 Nh7 15.b3 Nd7 16.a3 Bxf3
17.Nxf3 g5 18.b4 O-O 19.Nd2 Ra7 20.Nb3 axb4 21.axb4 Rfa8 22.Rxa7 Rxa7 23.Ra1 Rxa1+
24.Nxa1 Qd8 25.Qa3 Qb8 26.Nc2 f5 27.exf5 Ndf6 28.Ne3 Kg7 29.Bf1 g4 30.h4 gxh3
31.Bxh3 Ng5 32.Bg2 Nf7 33.Qa1 b5 34.Qc3 bxc4 35.Qxc4 Qa7 36.Bf1 Qd4 37.Qxc7 Qxb4
38.Qc1 Qd4 39.Bg2 h4 40.Kh1  1-0

[Event "TCh-FRA Nat1 GpA"]
[Site "Nancy FRA"]
[Date "2004.02.01"]
[Round "3"]
[White "Pinter,J"]
[Black "Pelletier,Y"]
[Result "1/2-1/2"]
[WhiteElo "2501"]
[BlackElo "2587"]

1.d4 Nf6 2.c4 e6 3.Nf3 Bb4+ 4.Bd2 a5 5.g3 b6 6.Bg2 Bb7 7.O-O Bxd2 8.Qxd2 O-O
9.Nc3 Ne4 10.Nxe4 Bxe4 11.Qf4 f5 12.Rfd1 h6 13.Rac1 d6 14.c5 bxc5 15.dxc5 d5
16.Nd4 Re8 17.Qd2 Bxg2 18.Kxg2 c6 19.Rc3  1/2-1/2

[Event "9th HIT Open"]
[Site "Nova Gorica SLO"]
[Date "2004.02.02"]
[Round "5"]
[White "Delchev,A"]
[Black "Zelcic,R"]
[Result "1-0"]
[WhiteElo "2624"]
[BlackElo "2524"]

1.d4 Nf6 2.Nf3 e6 3.c4 Bb4+ 4.Bd2 a5 5.Nc3 d6 6.Qc2 Nbd7 7.a3 Bxc3 8.Bxc3 Qe7
9.e4 e5 10.Bd3 O-O 11.O-O a4 12.Rfe1 c5 13.d5 Ne8 14.g3 Nc7 15.Nh4 Nf6 16.f4 Nfe8
17.Nf5 Qf6 18.Rf1 Qd8 19.fxe5 dxe5 20.Bxe5 f6 21.Bc3 Bxf5 22.Rxf5 Nd6 23.Rf4 h6
24.Qf2 b5 25.e5 Nxc4 26.exf6 Nxd5 27.f7+ Kh8 28.Bxg7+ Kxg7 29.Rg4+ Kh8 30.Qf5 Nf6
31.Qg6 Rxf7 32.Qxf7 Qf8 33.Qxf8+ Rxf8 34.Rf4 Nd6 35.Re1 c4 36.Re6 cxd3 37.Rxd6 Kg7
38.Rxd3 Rc8 39.Rd6 Rc1+ 40.Rf1  1-0

[Event "AS04 Centenary"]
[Site "Copenhagen DEN"]
[Date "2004.02.11"]
[Round "5"]
[White "Schmidt,Ho DEN"]
[Black "Vovk,Ok"]
[Result "0-1"]
[WhiteElo "1903"]
[BlackElo "2122"]

1.d4 Nf6 2.c4 e6 3.Nf3 Bb4+ 4.Bd2 Qe7 5.e3 O-O 6.Be2 Bxd2+ 7.Nfxd2 c5 8.dxc5 Na6
9.O-O Nxc5 10.Nc3 d5 11.cxd5 exd5 12.b4 Ne6 13.a3 Rd8 14.Nb3 b6 15.Rc1 Bb7
16.Nd4 Rac8 17.Qd3 Ne4 18.Rfd1 Ba6 19.Nxd5 Qh4 20.Qxa6 Qxf2+ 21.Kh1 Rxc1
22.Rxc1 Nxd4 23.Rc8 Ne6 24.Rxd8+ Nxd8 25.Qc4 Qe1+ 26.Bf1 Nd2  0-1

[Event "2nd Breizh Masters B"]
[Site "Guingamp FRA"]
[Date "2004.02.13"]
[Round "1"]
[White "Velikov,P"]
[Black "Inkiov,V"]
[Result "1/2-1/2"]
[WhiteElo "2447"]
[BlackElo "2461"]

1.d4 Nf6 2.Nf3 e6 3.c4 Bb4+ 4.Bd2 Qe7 5.e3 O-O 6.Bd3 Bxd2+ 7.Qxd2 d6 8.Nc3 e5
9.dxe5 dxe5 10.Qc2 c6 11.O-O Nbd7 12.Rad1 Re8 13.Ng5 Nf8 14.Nge4 Nxe4 15.Nxe4 f5
16.Ng3 e4 17.Be2  1/2-1/2

[Event "2nd Breizh Masters"]
[Site "Guingamp FRA"]
[Date "2004.02.21"]
[Round "10"]
[White "Gozzoli,Y"]
[Black "Bagheri,A"]
[Result "0-1"]
[WhiteElo "2430"]
[BlackElo "2534"]

1.d4 Nf6 2.c4 e6 3.Nf3 Bb4+ 4.Bd2 a5 5.g3 b6 6.Bg2 Bb7 7.O-O O-O 8.Nc3 d6
9.Rc1 Nbd7 10.d5 Nc5 11.Nh4 Re8 12.dxe6 fxe6 13.Bxb7 Nxb7 14.Qc2 Nc5 15.Rcd1 Qd7
16.Bc1 Bxc3 17.Qxc3 e5 18.f3 Rf8 19.e4 Qh3 20.Qc2 g6 21.Ng2 Ne6 22.b3 Nd4
23.Rxd4 exd4 24.Nf4 Qd7 25.Nd5 Rae8 26.Qd3 c5 27.Nxb6 Qb7 28.Nd5 Nxd5 29.cxd5 Qe7
30.h4 Ra8 31.Bg5 Qd7 32.Kg2 Rfb8 33.a4 Rb6 34.g4 Rab8 35.Rb1 Qb7 36.Qd2 Rxb3
37.Qxa5 Rf8 38.Bf4  0-1

[Event "ch-CZE"]
[Site "Karlovy Vary CZE"]
[Date "2004.02.21"]
[Round "5"]
[White "Voloshin,L"]
[Black "Bernasek,J"]
[Result "1/2-1/2"]
[WhiteElo "2522"]
[BlackElo "2381"]

1.d4 Nf6 2.c4 e6 3.Nf3 Bb4+ 4.Bd2 Qe7 5.g3 Nc6 6.Nc3 Bxc3 7.Bxc3 Ne4 8.Qc2 Nxc3
9.Qxc3 Qb4 10.Qxb4 Nxb4 11.Kd2 b6 12.Kc3 a5 13.a3 Nc6 14.Bg2 Bb7 15.Ne5 Nd8
16.Bxb7 Nxb7 17.e4 Ke7 18.Rhe1 f6 19.Nd3 d6 20.f4 c5 21.d5 e5 22.Rf1 a4 23.Rf2 Rhb8
24.Raf1 exf4 25.gxf4 b5 26.cxb5 Na5 27.b4 axb3 28.a4 Rd8 29.Re2 Rdc8 30.Nb2 Kd7
31.Rd1 c4 32.Rc1 Rc5 33.f5 g6 34.fxg6 hxg6 35.Kb4 f5 36.exf5 gxf5 37.Rd2 Kc7
38.Rc3 Kb6 39.h4 Rh8 40.Rh2 Rh5 41.Rc1 f4 42.Nxc4+ Nxc4 43.Rxc4 Rxc4+ 44.Kxc4 b2
45.Rxb2 Rxh4 46.Kd3 f3 47.a5+ Kxa5 48.b6 Rh8 49.b7 Rb8 50.Ke4 Ka6 51.Kxf3 Rxb7
52.Rc2 Rb4 53.Ke3 Kb7 54.Rc6 Rb6 55.Rc1 Rb4 56.Kd3 Rh4 57.Rc6 Rg4 58.Rxd6 Kc7
59.Rf6 Kd7 60.Ke3 Rb4 61.Rf4 Rxf4 62.Kxf4 Kd6 63.Ke4 Kd7 64.Ke5 Ke7 65.d6+ Kd7
66.Kd5 Kd8 67.Kc4 Kd7 68.Kc5 Kd8 69.Kb5 Kd7 70.Kc5 Kd8 71.Kc6 Kc8  1/2-1/2

[Event "ch-CZE"]
[Site "Karlovy Vary CZE"]
[Date "2004.02.25"]
[Round "9"]
[White "Hracek,Z"]
[Black "Bernasek,J"]
[Result "1-0"]
[WhiteElo "2599"]
[BlackElo "2381"]

1.d4 Nf6 2.c4 e6 3.Nf3 Bb4+ 4.Bd2 Qe7 5.g3 Nc6 6.Nc3 Bxc3 7.Bxc3 Ne4 8.Rc1 d6
9.d5 Nxc3 10.Rxc3 Nd8 11.Bg2 O-O 12.Nd2 e5 13.c5 dxc5 14.Nb3 Bf5 15.Nxc5 Rc8
16.e4 Bd7 17.O-O Bb5 18.Re1 b6 19.a4 bxc5 20.axb5 Nb7 21.Qc2 Rb8 22.Bf1 Rfc8
23.Bd3 Qd7 24.Ra1 Ra8 25.Rca3 Rcb8 26.Rxa7 Rxa7 27.Rxa7 Qc8 28.b4  1-0